| 000 | 00948nam a22002897a 4500 | ||
|---|---|---|---|
| 003 | CHAP | ||
| 005 | 20220329133957.0 | ||
| 008 | 971013s1978 us r 00010 eng d | ||
| 010 | _a13506 | ||
| 011 | _a14478 | ||
| 035 | _a18552 | ||
| 040 | _cCHAP | ||
| 082 | 0 | 4 |
_a630.16 _bB4 |
| 100 | 0 | 0 |
_aBebee, Charles N. _ecomp. _911108 |
| 245 | 1 | _aBibliography of agricultural bibliographies 1977 | |
| 260 |
_aBeltsville, Md. : _bDepartment of Agriculture, _c1978 |
||
| 300 | _a343 p. | ||
| 490 |
_aBibliographies and Literature of Agriculture _v; BLA-1/1977 |
||
| 590 |
_aBATCH-UPD _b10 _c20130110 _lUCH01 _h1616 |
||
| 590 |
_aBATCH-UPD _b10 _c20130410 _lUCH01 _h1011 |
||
| 590 |
_aCONVERSION _b10 _c20130109 _lUCH01 _h1309 |
||
| 650 | 1 | 4 |
_aAgricultura _xBibliografia. _91321 |
| 830 | 0 |
_aBibliographies and Literature of Agriculture _v; BLA-1/1977 _912217 |
|
| 901 | _aBK | ||
| 942 | _cLIBRO | ||
| 949 |
_a630.16 B4 _bBC _cC _d33724000499679 _eC _h62293 _i18552 _si |
||
| 999 |
_c13506 _d13506 |
||